|
|
|
|
| LEADER |
00724cam a2200205 7i4500 |
| 001 |
0000003708 |
| 005 |
20170218090000.0 |
| 008 |
101022 eng |
| 020 |
|
|
|a 0256174040 (hbk.)
|
| 020 |
|
|
|a 9780256174045 (hbk.)
|
| 090 |
0 |
0 |
|a TK5105.5
|b .W35 1998
|
| 100 |
1 |
|
|a Walrand, Jean
|
| 245 |
1 |
0 |
|a Communication networks :
|b a first course
|c Jean Walrand.
|
| 250 |
|
|
|a 2nd ed.
|
| 260 |
|
|
|a Boston:
|b WCB/McGraw-Hill,
|c 1998.
|
| 300 |
|
|
|a xv, 336 p.:
|b col. ill.;
|c 24 cm.
|
| 504 |
|
|
|a Includes bibliographical references and index
|
| 650 |
0 |
0 |
|a Computer networks
|
| 997 |
|
|
|a Communication, Visual Art & Computing, Faculty
|b Computing, Department
|
| 999 |
|
|
|a 0000003449
|b BOK
|c OPEN SHELF
|e 2nd Floor, Bestari Jaya
|